|
|
|
|
| LEADER |
00000cam a2200000 i 4500 |
| 001 |
1/75483 |
| 008 |
980625s1979 gre d |
| 020 |
|
|
|a 960-04-0347-3
|
| 035 |
|
|
|l 10032136
|
| 040 |
|
|
|a GR-MY-UA
|b gre
|e aacr
|
| 041 |
0 |
|
|a gre
|
| 082 |
0 |
|
|a 808.899282
|
| 100 |
1 |
|
|a Νεγρεπόντης, Γιάννης,
|d 1930-1991.
|
| 245 |
1 |
2 |
|a Ο φίλος μας ο Αίσωπος /
|c Γιάννης Νεγρεπόντης ; Τα σχέδια είναι της Αργυρώς
|
| 250 |
|
|
|a 4η έκδ.
|
| 260 |
|
|
|a Αθήνα :
|b Κέδρος,
|c 1979
|
| 300 |
|
|
|a 88 σ.;
|c 24 εκ.
|
| 650 |
0 |
0 |
|a Mythology, Greek
|x Juvenile literature.
|
| 650 |
0 |
0 |
|a Children's literature, Greek (Modern)
|
| 852 |
|
|
|a INST
|b RHODES
|e 19980625
|h 808.899282 ΝΕΓ
|p 005400006192
|q 005400006192
|t BK
|y 0
|
| 852 |
|
|
|a INST
|b SAMOS
|e 20020828
|h 808.899282 ΝΕΓ
|p 005300019987
|q 005300019987
|t BK
|y 0
|
| 901 |
|
|
|a BIBL3-2002-2
|
| 901 |
|
|
|a BIBL-1998-2
|
| 909 |
|
|
|a Σ
|b 087580
|
| 909 |
|
|
|a Ρ
|b 055267
|c 1998
|
| 922 |
|
|
|a 4ΕΛΗ
|b 199802
|c ΚΠΣ/Ν
|d EMVASIS
|
| 970 |
|
|
|z 2000/06/ΚΑΤΕΡΙΝΑ
|